[Event "Pion Frigant"]
[Site "Contrecoeur CAN"]
[Date "2023.10.07"]
[Round "2.9"]
[White "Hu, Raymond"]
[Black "Deboosere, Adam"]
[Result "1/2-1/2"]
[WhiteElo "1760"]
[BlackElo "2016"]
[PlyCount "80"]
[EventDate "2023.10.06"]
[EventType "swiss"]
[EventRounds "5"]
[EventCountry "CAN"]

1. e4 c6 2. d4 d5 3. exd5 cxd5 4. Bd3 Nc6 5. c3 Nf6 6. Nf3 g6 7. Bf4 Bf5 8.
Bxf5 gxf5 9. Ne5 e6 10. Nd2 Rg8 11. Kf1 Bd6 12. Qe2 Qc7 13. Re1 O-O-O 14. Bg3
Ne4 15. Nxe4 fxe4 16. Bh4 Rdf8 17. Nxc6 bxc6 18. c4 Qa5 19. c5 Bc7 20. a3 Kb7
21. Rb1 Qa6 22. Bg3 Qxe2+ 23. Kxe2 f5 24. Bxc7 Kxc7 25. g3 Rb8 26. b4 a5 27.
Rb2 axb4 28. axb4 Rb5 29. Ra1 Rgb8 30. Ra7+ R5b7 31. Rxb7+ Rxb7 32. Ke3 Kd7 33.
Kf4 h6 34. Ke5 Ke7 35. Ra2 Kd7 36. Ra4 Ke7 37. Ra6 Kd7 38. Ra4 Ke7 39. Ra6 Kd7
40. Ra4 Ke7 1/2-1/2

[Event "Pion Frigant"]
[Site "Contrecoeur CAN"]
[Date "2023.10.07"]
[Round "2.10"]
[White "Turcotte, Jonathan"]
[Black "Zhe, Jia"]
[Result "1-0"]
[WhiteElo "2002"]
[BlackElo "1863"]
[PlyCount "61"]
[EventDate "2023.10.06"]
[EventType "swiss"]
[EventRounds "5"]
[EventCountry "CAN"]

1. d4 Nf6 2. c4 e6 3. Nf3 d5 4. Nc3 dxc4 5. e4 b5 6. e5 Nd5 7. Nxb5 Nb6 8. a4
Qd7 9. Be2 Bb7 10. Na3 Qxa4 11. Qxa4+ Nxa4 12. Nxc4 Nb6 13. Na5 Bd5 14. O-O
N8d7 15. Be3 c5 16. Rfc1 Rc8 17. dxc5 Nxc5 18. Bb5+ Ncd7 19. Nc6 Bxc6 20. Bxc6
Rc7 21. Nd4 Kd8 22. Nb5 Rc8 23. Rxa7 Bb4 24. Rb7 Bc5 25. Rxc5 Nxc5 26. Rxb6 Nd7
27. Ra6 h5 28. Nd6 Nb8 29. Ra8 Kc7 30. Bf3 Rcf8 31. Ra7+ 1-0

[Event "Pion Frigant"]
[Site "Contrecoeur CAN"]
[Date "2023.10.07"]
[Round "3.3"]
[White "Di Matteo, Alessio"]
[Black "Gauthier, Denis"]
[Result "1-0"]
[WhiteElo "2017"]
[BlackElo "1811"]
[PlyCount "117"]
[EventDate "2023.10.06"]
[EventType "swiss"]
[EventRounds "5"]
[EventCountry "CAN"]

1. d4 Nf6 2. c4 e6 3. Nc3 Bb4 4. f3 d5 5. a3 Bxc3+ 6. bxc3 b6 7. cxd5 exd5 8.
e3 O-O 9. Bd3 Re8 10. Ne2 c5 11. O-O Ba6 12. Bxa6 Nxa6 13. Qd3 Nc7 14. Ng3 Qd7
15. Re1 Rad8 16. Bb2 Nb5 17. Rad1 Qc6 18. e4 dxe4 19. fxe4 c4 20. Qc2 Nc7 21.
Bc1 b5 22. e5 Nfd5 23. Ne4 Qg6 24. Qf2 Ne6 25. Qf3 Rf8 26. Nd6 Nec7 27. Nb7
Rde8 28. Nc5 Rd8 29. Re4 f5 30. Ree1 Ne6 31. Nb7 Rd7 32. Nd6 Nec7 33. Bd2 Qe6
34. Rf1 a6 35. Nb7 Re7 36. Bg5 Ree8 37. Nd6 Rb8 38. Rc1 h6 39. Bd2 Ne7 40. Rf2
Ncd5 41. Rcf1 f4 42. Ne4 Qg6 43. Nc5 Rbd8 44. Qh3 Rf5 45. Nb7 Rb8 46. Nd6 Rff8
47. Bxf4 Nxf4 48. Rxf4 Rxf4 49. Rxf4 Nd5 50. Rf1 Kh7 51. Qf3 Qe6 52. Qe4+ Kg8
53. Rf3 Rd8 54. Nf5 Rd7 55. Rg3 Kh8 56. Qg4 Qf7 57. Nh4 Rc7 58. Rf3 Qe8 59.
Rf8+ 1-0

[Event "Pion Frigant"]
[Site "Contrecoeur CAN"]
[Date "2023.10.07"]
[Round "3.5"]
[White "Batorshyn, Ilia	"]
[Black "Turcotte, Jonathan"]
[Result "0-1"]
[WhiteElo "2211"]
[BlackElo "2002"]
[PlyCount "114"]
[EventDate "2023.10.06"]
[EventType "swiss"]
[EventRounds "5"]
[EventCountry "CAN"]

1. e4 c6 2. d4 d5 3. f3 dxe4 4. fxe4 e5 5. Nf3 Bg4 6. Bc4 Nd7 7. O-O Ngf6 8. c3
Bd6 9. Nbd2 O-O 10. Qe1 Bh5 11. Qh4 Bg6 12. Bd3 b5 13. Re1 Re8 14. a4 a6 15.
Bb1 Qb6 16. Kh1 Rad8 17. Nf1 c5 18. d5 c4 19. a5 Qc7 20. Be3 Bc5 21. N3d2 Be7
22. Qh3 Nc5 23. Ng3 Qc8 24. Qxc8 Rxc8 25. Rf1 Ng4 26. Bg1 Bg5 27. Nf3 Be3 28.
Bxe3 Nxe3 29. Re1 Ng4 30. Kg1 f6 31. Nh4 Nh6 32. Bc2 Nb7 33. Ne2 Nf7 34. Nc1
Nfd6 35. Nxg6 hxg6 36. Na2 Nc5 37. Nb4 f5 38. exf5 gxf5 39. Rad1 e4 40. Kf2
Nd3+ 41. Bxd3 cxd3 42. Nc6 f4 43. b3 e3+ 44. Kf3 d2 45. Re2 g5 46. g3 Ne4 47.
d6 Nxd6 48. Nb4 Ne4 49. Nd5 Nxc3 50. Nxc3 Rxc3 51. gxf4 gxf4 52. Rg2+ Kf7 53.
Rdg1 e2+ 54. Kxf4 Re4+ 55. Kf5 Rc5+ 56. Kxe4 e1=Q+ 57. Kf4 Qe5+ 0-1

[Event "Pion Frigant"]
[Site "Contrecoeur CAN"]
[Date "2023.10.07"]
[Round "3.6"]
[White "Adam, Rafael"]
[Black "Pomerantz, Daniel"]
[Result "1/2-1/2"]
[WhiteElo "2178"]
[BlackElo "2150"]
[PlyCount "114"]
[EventDate "2023.10.06"]
[EventType "swiss"]
[EventRounds "5"]
[EventCountry "CAN"]

1. e4 c6 2. Nf3 d5 3. d3 dxe4 4. dxe4 Qxd1+ 5. Kxd1 Nf6 6. Nbd2 g6 7. a4 Bh6 8.
Bd3 Nbd7 9. Ne1 Nc5 10. f3 Be6 11. b4 Nxd3 12. Nxd3 Rd8 13. Ke2 Nh5 14. Nb3
Bxc1 15. Nbxc1 O-O 16. Ke3 Ng7 17. a5 h5 18. c3 Rd6 19. Ne2 Bc4 20. Nb2 Bxe2
21. Kxe2 Rfd8 22. Nc4 R6d7 23. Ra2 f6 24. f4 Kf7 25. g3 Ne8 26. Rd2 Rxd2+ 27.
Nxd2 Nd6 28. Rd1 Nb5 29. Nb1 Rxd1 30. Kxd1 e5 31. Ke2 Ke6 32. Kd3 exf4 33. gxf4
g5 34. fxg5 fxg5 35. Nd2 Ke5 36. c4 Nd4 37. c5 Ne6 38. Ke3 Nd8 39. Nc4+ Ke6 40.
Nd6 Ke5 41. Nc4+ Kf6 42. Nd6 Ke5 43. Nc8 a6 44. Nd6 Kf6 45. Nc4 Nf7 46. Kd4 Ke6
47. h3 g4 48. hxg4 hxg4 49. Ne3 Ne5 50. Nf5 Nf3+ 51. Ke3 Ne1 52. Kd2 Nf3+ 53.
Ke3 Ne5 54. Kd4 Nf3+ 55. Ke3 Ne5 56. Kd4 Nf3+ 57. Ke3 Ne5 1/2-1/2

[Event "Pion Frigant"]
[Site "Contrecoeur CAN"]
[Date "2023.10.07"]
[Round "3.7"]
[White "Deboosere, Adam"]
[Black "Duval, Mathieu"]
[Result "1-0"]
[WhiteElo "2016"]
[BlackElo "1830"]
[PlyCount "89"]
[EventDate "2023.10.06"]
[EventType "swiss"]
[EventRounds "5"]
[EventCountry "CAN"]

1. c4 c5 2. g3 g6 3. Bg2 Bg7 4. Nc3 Nc6 5. Nf3 Nf6 6. O-O O-O 7. d4 cxd4 8.
Nxd4 Nxd4 9. Qxd4 d6 10. Qd3 Bf5 11. e4 Be6 12. Be3 Ng4 13. Nd5 Rc8 14. Rac1
Nxe3 15. Nxe3 Qa5 16. a3 Bxb2 17. Rb1 Qxa3 18. Qxa3 Bxa3 19. Rxb7 a5 20. Rxe7
Bxc4 21. Nxc4 Rxc4 22. e5 dxe5 23. Rxe5 Bb4 24. Re2 a4 25. Bd5 Rd4 26. Ba2 a3
27. Rc1 Rd7 28. Kg2 Rfd8 29. Rc4 Bf8 30. Rf4 Kg7 31. Rf3 f5 32. Rc3 Bb4 33. Rb3
Bc5 34. Rc3 Bb4 35. Rb3 Rd4 36. Rc2 Kf6 37. Rc6+ Kg5 38. h4+ Kh6 39. Rc7 f4 40.
g4 f3+ 41. Kh3 g5 42. Bb1 gxh4 43. Rxh7+ Kg5 44. Rxf3 Rxg4 45. Rg7+ 1-0

[Event "Pion Frigant"]
[Site "Contrecoeur CAN"]
[Date "2023.10.07"]
[Round "3.8"]
[White "Li, Yi Lin"]
[Black "Hu, Raymond"]
[Result "1-0"]
[WhiteElo "2001"]
[BlackElo "1760"]
[PlyCount "91"]
[EventDate "2023.10.06"]
[EventType "swiss"]
[EventRounds "5"]
[EventCountry "CAN"]

1. e4 c5 2. Nf3 Nc6 3. d4 cxd4 4. Nxd4 Nf6 5. Nc3 e6 6. Ndb5 d6 7. Bf4 e5 8.
Bg5 a6 9. Na3 b5 10. Nd5 Be7 11. Bxf6 Bxf6 12. c3 O-O 13. Be2 Bg5 14. O-O Ne7
15. c4 Nxd5 16. Qxd5 Be6 17. Qd3 b4 18. Nc2 Qb6 19. b3 f5 20. Ne3 Bxe3 21. fxe3
f4 22. Rf3 Bg4 23. Rf2 Bxe2 24. Rxe2 f3 25. gxf3 Kh8 26. Rf1 Rf6 27. Rg2 Raf8
28. Rg3 h5 29. Kg2 h4 30. Rg4 Rh6 31. f4 Qa5 32. Rf2 h3+ 33. Kf1 Rff6 34. f5
Qc5 35. Ke2 a5 36. Qd5 Qc7 37. Qa8+ Kh7 38. Rf3 Rh5 39. Qe8 Qf7 40. Qa8 Qc7 41.
Rgg3 Rf7 42. Rxh3 Rh6 43. Rfg3 Rff6 44. Kd3 d5 45. exd5 Rxf5 46. Rxh6+ 1-0

[Event "Pion Frigant"]
[Site "Contrecoeur CAN"]
[Date "2023.10.07"]
[Round "3.9"]
[White "Fiset, Anais Chloe"]
[Black "Bain-Thouverez, Aurelien"]
[Result "0-1"]
[WhiteElo "1849"]
[BlackElo "1892"]
[PlyCount "32"]
[EventDate "2023.10.06"]
[EventType "swiss"]
[EventRounds "5"]
[EventCountry "CAN"]

1. e4 d5 2. exd5 Nf6 3. Nf3 Nxd5 4. d4 g6 5. Bc4 Bg7 6. Ne5 O-O 7. O-O Nb6 8.
Bb3 c5 9. c3 cxd4 10. cxd4 Nc6 11. Nxc6 bxc6 12. Be3 Ba6 13. Re1 Nd5 14. Qf3
Nxe3 15. fxe3 Qa5 16. Rf1 Bxf1 0-1

[Event "Pion Frigant"]
[Site "Contrecoeur CAN"]
[Date "2023.10.08"]
[Round "4.1"]
[White "Latorre, Vincent"]
[Black "Tanaka, Tyler"]
[Result "0-1"]
[WhiteElo "2204"]
[BlackElo "2328"]
[PlyCount "38"]
[EventDate "2023.10.06"]
[EventType "swiss"]
[EventRounds "5"]
[EventCountry "CAN"]

1. e4 e5 2. Nf3 Nf6 3. Nxe5 d6 4. Nf3 Nxe4 5. Nc3 Nxc3 6. dxc3 Be7 7. Be3 O-O
8. Qd2 Nd7 9. O-O-O Nf6 10. h4 d5 11. c4 c6 12. cxd5 Nxd5 13. Bd3 Nb4 14. Nd4
c5 15. Nf5 Bf6 16. Be4 Nxa2+ 17. Kb1 Qb6 18. Bd4 cxd4 19. Nh6+ gxh6 0-1

[Event "Pion Frigant"]
[Site "Contrecoeur CAN"]
[Date "2023.10.08"]
[Round "4.3"]
[White "Bain-Thouverez, Aurelien"]
[Black "Zheng, Richard"]
[Result "1-0"]
[WhiteElo "1892"]
[BlackElo "2289"]
[PlyCount "115"]
[EventDate "2023.10.06"]
[EventType "swiss"]
[EventRounds "5"]
[EventCountry "CAN"]

1. Nf3 d5 2. g3 Nf6 3. Bg2 c6 4. O-O Bg4 5. c4 e6 6. Qb3 Qb6 7. h3 Qxb3 8. axb3
Bh5 9. g4 Bg6 10. d3 Bc5 11. Bd2 Na6 12. Ra4 Nd7 13. b4 Be7 14. Nd4 Nb6 15.
Rxa6 bxa6 16. Nxc6 Bf6 17. cxd5 exd5 18. f4 Kd7 19. e4 Kxc6 20. exd5+ Nxd5 21.
f5 Rad8 22. Nc3 Bxc3 23. bxc3 Kd6 24. c4 Nc7 25. d4 f6 26. fxg6 hxg6 27. Bf4+
Kd7 28. d5 Rb8 29. Rb1 a5 30. b5 Rb6 31. Bxc7 Kxc7 32. c5 Rbb8 33. d6+ Kc8 34.
c6 Rd8 35. c7 Rxd6 36. cxb8=Q+ Kxb8 37. Ra1 f5 38. g5 Rd3 39. Rxa5 Rg3 40. h4
Rg4 41. Ra6 Rxh4 42. Rxg6 Kc7 43. Rxg7+ Kb6 44. Rb7+ Kc5 45. Bf3 f4 46. Kg2 Rh8
47. g6 Rh6 48. Be4 Rh5 49. Kf3 Rg5 50. Kxf4 Rg1 51. Bf5 a5 52. bxa6 Kd6 53. Bb1
Ke6 54. a7 Rd1 55. Rb6+ Ke7 56. a8=Q Rf1+ 57. Ke3 Rf5 58. Qa7+ 1-0

[Event "Pion Frigant"]
[Site "Contrecoeur CAN"]
[Date "2023.10.08"]
[Round "4.4"]
[White "Turcotte, Jonathan"]
[Black "Adam, Rafael"]
[Result "0-1"]
[WhiteElo "2002"]
[BlackElo "2178"]
[PlyCount "68"]
[EventDate "2023.10.06"]
[EventType "swiss"]
[EventRounds "5"]
[EventCountry "CAN"]

1. d4 Nf6 2. c4 e6 3. Nf3 Bb4+ 4. Bd2 c5 5. g3 Qb6 6. Qb3 Nc6 7. dxc5 Bxc5 8.
Qxb6 axb6 9. Bg2 d5 10. cxd5 Nxd5 11. O-O b5 12. e4 Nf6 13. Nc3 b4 14. Nb5 Ra5
15. a4 Nxe4 16. Bf4 Ke7 17. Rac1 Bd6 18. Nxd6 Nxd6 19. Rfd1 Rd8 20. Nd4 Nxd4
21. Rxd4 e5 22. Rxd6 Kxd6 23. Bd2 Rxa4 24. b3 Ra2 25. Bxb4+ Ke6 26. Bh3+ f5 27.
Rc7 Bd7 28. f4 Rc8 29. Rxb7 Rc1+ 30. Bf1 Raa1 31. Rb6+ Bc6 32. Rxc6+ Rxc6 33.
Bd2 Rd6 34. Bc3 Rc1 0-1

[Event "Pion Frigant"]
[Site "Contrecoeur CAN"]
[Date "2023.10.08"]
[Round "4.7"]
[White "Zhe, Jia"]
[Black "Li, Yi Lin"]
[Result "1/2-1/2"]
[WhiteElo "1863"]
[BlackElo "2001"]
[PlyCount "52"]
[EventDate "2023.10.06"]
[EventType "swiss"]
[EventRounds "5"]
[EventCountry "CAN"]

1. d4 d5 2. Nf3 Nf6 3. c3 e6 4. Bg5 c5 5. e3 Qb6 6. Qb3 Ne4 7. Bf4 Nd7 8. Nbd2
Nd6 9. Be2 Be7 10. O-O O-O 11. Ne5 c4 12. Qc2 Qc7 13. e4 b5 14. Nxd7 Bxd7 15.
Bxd6 Qxd6 16. e5 Qc6 17. f4 f6 18. Bg4 f5 19. Be2 Be8 20. Qd1 b4 21. Rf3 Rb8
22. Rb1 Qa4 23. b3 Qxa2 24. Ra1 Qb2 25. Rb1 Qa2 26. Ra1 Qb2 1/2-1/2

[Event "Pion Frigant"]
[Site "Contrecoeur CAN"]
[Date "2023.10.08"]
[Round "4.8"]
[White "Pomerantz, Daniel"]
[Black "Charaf, Bassel"]
[Result "1/2-1/2"]
[WhiteElo "2150"]
[BlackElo "2028"]
[PlyCount "111"]
[EventDate "2023.10.06"]
[EventType "swiss"]
[EventRounds "5"]
[EventCountry "CAN"]

1. e4 Nc6 2. Nf3 e5 3. Bb5 a6 4. Ba4 Nf6 5. d3 Bc5 6. Nc3 d6 7. Bg5 h6 8. Bh4
b5 9. Bb3 Bg4 10. Bd5 Qd7 11. Bxf6 gxf6 12. a4 b4 13. Bxc6 Qxc6 14. Nd5 Be6 15.
Nxf6+ Ke7 16. Nh5 Rag8 17. Ng3 h5 18. Nh4 Bg4 19. Qd2 Kd7 20. c3 bxc3 21. bxc3
a5 22. O-O Bb6 23. d4 exd4 24. cxd4 Qc4 25. Ngf5 Bxf5 26. Nxf5 Rg4 27. f3 Rg6
28. Rfc1 Qe6 29. Qc3 d5 30. Qd3 dxe4 31. Qxe4 Qxe4 32. fxe4 Rg4 33. Kf2 Rxe4
34. Kf3 Rhe8 35. Rd1 Re2 36. Ra3 Rb2 37. Ng3 h4 38. Ne4 Kc6 39. Rc3+ Kb7 40.
Nc5+ Bxc5 41. Rxc5 Ree2 42. Rdc1 Rf2+ 43. Ke3 Rbe2+ 44. Kd3 Re7 45. R1c2 Rxc2
46. Rxc2 Re1 47. Kc4 Rh1 48. h3 Rb1 49. Rf2 Rb4+ 50. Kc5 Rxa4 51. Rxf7 Ra2 52.
d5 Rc2+ 53. Kb5 Rd2 54. Kxa5 Rxd5+ 55. Kb4 Rg5 56. Rh7 1/2-1/2

[Event "Pion Frigant"]
[Site "Contrecoeur CAN"]
[Date "2023.10.08"]
[Round "4.9"]
[White "Duval, Mathieu"]
[Black "Batorshyn, Ilia	"]
[Result "1/2-1/2"]
[WhiteElo "1830"]
[BlackElo "2211"]
[PlyCount "203"]
[EventDate "2023.10.06"]
[EventType "swiss"]
[EventRounds "5"]
[EventCountry "CAN"]

1. c4 e5 2. Nc3 Nc6 3. d3 a6 4. Nf3 Bc5 5. g3 d6 6. Bg2 Nge7 7. a3 O-O 8. O-O
Ba7 9. b4 Rb8 10. b5 Nd4 11. e3 Nxf3+ 12. Bxf3 Re8 13. Rb1 Bd7 14. a4 Be6 15.
e4 c6 16. Be3 Bxe3 17. fxe3 Qa5 18. Qc2 Qb6 19. Qe2 Qc7 20. Bg4 Qc8 21. Bxe6
Qxe6 22. d4 axb5 23. axb5 exd4 24. exd4 c5 25. dxc5 dxc5 26. Qd3 Ng6 27. Qd5
Ne5 28. Qxc5 Rbc8 29. Qd5 Qb6+ 30. c5 Rxc5 31. Na4 Rxd5+ 32. Nxb6 Rd4 33. Rbc1
Rxe4 34. Rc7 Rb4 35. Nd7 Nxd7 36. Rxd7 Rxb5 37. Rfxf7 Rg5 38. Rxb7 h6 39. Kf2
Re6 40. h4 Rg4 41. Rf3 Kh7 42. Rbb3 Reg6 43. Rb8 Rc4 44. Rb2 Rc1 45. Kg2 Rc4
46. Kf2 Ra4 47. Re2 Rgg4 48. Rb2 Rgc4 49. Re2 Rc1 50. Kg2 Raa1 51. Rfe3 Rg1+
52. Kf3 Ra5 53. Kf2 Rh1 54. Kg2 Rc1 55. Re1 Ra2+ 56. R1e2 Raa1 57. Kf3 Rab1 58.
Kf2 Rf1+ 59. Kg2 Rg1+ 60. Kf3 Ra1 61. Rg2 Raf1+ 62. Rf2 Rb1 63. Rg2 Rh1 64.
Rge2 Rhd1 65. Kf2 Rh1 66. Kf3 h5 67. Re5 Kh6 68. Re6+ g6 69. Re8 Rhg1 70. Rh8+
Kg7 71. Rhe8 Rbf1+ 72. Rf2 Ra1 73. Rfe2 Ra3+ 74. R2e3 Rxe3+ 75. Rxe3 Rf1+ 76.
Kg2 Rf7 77. Rf3 Rd7 78. Rf2 Rb7 79. Re2 Kf6 80. Rf2+ Ke5 81. Re2+ Kd4 82. Re6
Rg7 83. Ra6 Ke4 84. Rb6 Rg8 85. Ra6 Kf5 86. Kf3 Rf8 87. Kg2 Rc8 88. Ra5+ Kf6
89. Ra6+ Kg7 90. Ra7+ Kh6 91. Re7 Rc3 92. Kf2 Rc6 93. Kg2 Rf6 94. Ra7 g5 95.
hxg5+ Kxg5 96. Rg7+ Kh6 97. Ra7 Rg6 98. Ra5 Rd6 99. Kh3 Rc6 100. Ra3 Rc5 101.
g4 hxg4+ 102. Kxg4 1/2-1/2

[Event "Pion Frigant"]
[Site "Contrecoeur CAN"]
[Date "2023.10.08"]
[Round "4.10"]
[White "Hu, Raymond"]
[Black "Fiset, Anais Chloe"]
[Result "0-1"]
[WhiteElo "1760"]
[BlackElo "1839"]
[PlyCount "72"]
[EventDate "2023.10.06"]
[EventType "swiss"]
[EventRounds "5"]
[EventCountry "CAN"]

1. e4 c6 2. d4 d5 3. exd5 cxd5 4. Bd3 Nc6 5. c3 Nf6 6. Nf3 Bg4 7. h3 Bh5 8. Bf4
e6 9. O-O Bd6 10. Bxd6 Qxd6 11. Nbd2 O-O 12. Qb1 Rab8 13. a4 Qc7 14. Re1 Bg6
15. Bxg6 hxg6 16. b4 Rfc8 17. Qd3 Ne7 18. Rec1 Nf5 19. Ne5 Nd6 20. c4 dxc4 21.
Ndxc4 Qe7 22. Na5 Nd5 23. b5 Qg5 24. Nb3 Nf5 25. Nf3 Qxg2+ 26. Kxg2 Nf4+ 27.
Kf1 Nxd3 28. Rd1 Rc3 29. Nbd2 Nf4 30. h4 Rd8 31. Rac1 Ra3 32. Rc4 Rd3 33. Rc7
Nxd4 34. Ne5 Rh3 35. Ndf3 Rh1+ 36. Ng1 Rxg1+ 0-1

[Event "Pion Frigant"]
[Site "Contrecoeur CAN"]
[Date "2023.10.08"]
[Round "5.2"]
[White "Di Matteo, Alessio"]
[Black "Tanaka, Tyler"]
[Result "1/2-1/2"]
[WhiteElo "2017"]
[BlackElo "2328"]
[PlyCount "147"]
[EventDate "2023.10.06"]
[EventType "swiss"]
[EventRounds "5"]
[EventCountry "CAN"]

1. d4 Nf6 2. c4 e6 3. Nc3 Bb4 4. f3 O-O 5. e4 d5 6. cxd5 exd5 7. e5 Nfd7 8. a3
Bxc3+ 9. bxc3 f6 10. exf6 Re8+ 11. Kf2 Qxf6 12. Bd3 Nc6 13. Ne2 Nb6 14. Qc2 Kh8
15. h4 Ne7 16. Bg5 Qf7 17. Ng3 h6 18. Bxe7 Rxe7 19. Rae1 Bd7 20. Bg6 Qf8 21.
Nh5 Nc4 22. Rxe7 Qxe7 23. Qd3 Rf8 24. g3 Qxa3 25. Re1 Qb2+ 26. Re2 Qc1 27. Nf4
Nb2 28. Qc2 Qxc2 29. Bxc2 Re8 30. Ng6+ Kg8 31. Rxe8+ Bxe8 32. Ne7+ Kf7 33. Nxd5
c6 34. Ne3 Bd7 35. c4 a5 36. Ke1 b5 37. cxb5 cxb5 38. Bb3+ Ke7 39. Kd2 b4 40.
Kc2 Na4 41. Nc4 Nc3 42. Nxa5 Ne2 43. Kd3 Nxg3 44. d5 Nf5 45. Kc4 Nxh4 46. Bd1
Ng2 47. Kc5 h5 48. Nc6+ Ke8 49. Nxb4 h4 50. Nd3 h3 51. Nf2 Nf4 52. Bc2 h2 53.
Kd6 Bh3 54. Ke5 Ne2 55. Ba4+ Kd8 56. f4 Bg2 57. f5 Nc3 58. Bc2 Nxd5 59. Be4
Bxe4 60. Kxe4 Nc3+ 61. Kf3 Nd1 62. Nh1 Ke7 63. Kg2 Kf6 64. Ng3 Ne3+ 65. Kxh2
Nxf5 66. Nf1 Kg5 67. Kg2 Kf4 68. Nh2 Nd4 69. Nf1 Nf5 70. Nh2 g5 71. Nf1 g4 72.
Kf2 Nd6 73. Kg2 Nf5 74. Kf2 1/2-1/2

[Event "Pion Frigant"]
[Site "Contrecoeur CAN"]
[Date "2023.10.08"]
[Round "5.3"]
[White "Adam, Rafael"]
[Black "Bain-Thouverez, Aurelien"]
[Result "1-0"]
[WhiteElo "2178"]
[BlackElo "1892"]
[PlyCount "47"]
[EventDate "2023.10.06"]
[EventType "swiss"]
[EventRounds "5"]
[EventCountry "CAN"]

1. Nf3 Nf6 2. g3 d5 3. Bg2 e6 4. O-O Be7 5. d3 O-O 6. Nbd2 b6 7. e4 dxe4 8. Ng5
Nbd7 9. Ngxe4 Rb8 10. a4 Nc5 11. a5 Bb7 12. Qe2 Qd7 13. axb6 axb6 14. Ra7 c6
15. Nxc5 Bxc5 16. Nb3 Be7 17. Be3 Nd5 18. Rfa1 Nxe3 19. Qxe3 c5 20. Nd2 Qc8 21.
Ne4 Kh8 22. Ng5 h6 23. Bxb7 Rxb7 24. Qe4 1-0

[Event "Pion Frigant"]
[Site "Contrecoeur CAN"]
[Date "2023.10.08"]
[Round "5.5"]
[White "Li, Yi Lin"]
[Black "Turcotte, Jonathan"]
[Result "0-1"]
[WhiteElo "2001"]
[BlackElo "2002"]
[PlyCount "150"]
[EventDate "2023.10.06"]
[EventType "swiss"]
[EventRounds "5"]
[EventCountry "CAN"]

1. e4 c6 2. d4 d5 3. exd5 cxd5 4. Bd3 Nc6 5. c3 Qc7 6. Ne2 Bg4 7. Bf4 Qxf4 8.
Nxf4 Bxd1 9. Kxd1 e6 10. Re1 Nf6 11. h3 Bd6 12. Ne2 O-O 13. Nd2 Rac8 14. Rc1
Rfd8 15. Rc2 Nd7 16. f4 g6 17. Nf3 f6 18. Neg1 Kf7 19. g3 e5 20. fxe5 fxe5 21.
dxe5 Ndxe5 22. Nxe5+ Nxe5 23. Bb5 Nc4 24. g4 Bc5 25. Rce2 a6 26. Ba4 b5 27. Bb3
d4 28. Bxc4+ bxc4 29. cxd4 Bxd4 30. Kc2 Rb8 31. Kc1 c3 32. b3 Bc5 33. Kc2 Rbc8
34. Nf3 Bb4 35. Ne5+ Kg8 36. Nc4 Rd2+ 37. Rxd2 cxd2 38. Re2 Kf7 39. Rf2+ Kg7
40. Kd1 Kh6 41. a3 Bc3 42. Rf3 Ba1 43. Kxd2 Kg5 44. Ke2 Kh4 45. Kf2 Re8 46. Rd3
Re6 47. Ne3 Kxh3 48. Nc2+ Kxg4 49. Nxa1 Rc6 50. Rd2 Rc3 51. Kg2 h5 52. Rb2 Rd3
53. Re2 h4 54. Nc2 Rg3+ 55. Kh2 Rxb3 56. Ne3+ Kf3 57. Rg2 Rxe3 58. Rxg6 Rxa3
59. Kh3 Ra4 60. Re6 Kf4 61. Re8 Kf5 62. Re7 a5 63. Re8 Rb4 64. Ra8 a4 65. Ra5+
Ke6 66. Kg2 Kd6 67. Kh3 Kc6 68. Ra8 Kb5 69. Ra7 Rd4 70. Ra8 Kb4 71. Rb8+ Kc3
72. Ra8 Kb3 73. Rb8+ Rb4 74. Rf8 a3 75. Rf3+ Ka4 0-1

[Event "Pion Frigant"]
[Site "Contrecoeur CAN"]
[Date "2023.10.08"]
[Round "5.7"]
[White "Fiset, Anais Chloe"]
[Black "Pomerantz, Daniel"]
[Result "1/2-1/2"]
[WhiteElo "1849"]
[BlackElo "2150"]
[PlyCount "71"]
[EventDate "2023.10.06"]
[EventType "swiss"]
[EventRounds "5"]
[EventCountry "CAN"]

1. e4 c6 2. d4 d5 3. exd5 cxd5 4. Bd3 Nc6 5. c3 Nf6 6. Bf4 Bg4 7. Qb3 Qd7 8.
Nd2 e6 9. Ngf3 Bd6 10. Bxd6 Qxd6 11. O-O O-O 12. Rae1 Bxf3 13. Nxf3 Qc7 14. Qc2
g6 15. Qd2 Kg7 16. Ne5 Nxe5 17. dxe5 Nd7 18. Qf4 Kg8 19. Qg5 f6 20. exf6 Rxf6
21. h4 Qf4 22. Qxf4 Rxf4 23. Rxe6 Nc5 24. Re3 Rxh4 25. Rd1 Kf7 26. Be2 Re4 27.
Rxd5 Rxe3 28. fxe3 Rc8 29. Kf2 Rc7 30. Bf3 b6 31. g4 Ke6 32. Rd4 Ke5 33. Rd5+
Ke6 34. Rd4 Ke5 35. Kg3 Re7 36. Kf2 1/2-1/2

[Event "Pion Frigant"]
[Site "Contrecoeur CAN"]
[Date "2023.10.08"]
[Round "5.8"]
[White "Charaf, Bassel"]
[Black "Zhe, Jia"]
[Result "1-0"]
[WhiteElo "2028"]
[BlackElo "1863"]
[PlyCount "80"]
[EventDate "2023.10.06"]
[EventType "swiss"]
[EventRounds "5"]
[EventCountry "CAN"]

1. d4 d5 2. c4 c6 3. Nc3 Nf6 4. Nf3 dxc4 5. e3 b5 6. a4 b4 7. Na2 a5 8. Bxc4 e6
9. b3 Nbd7 10. Bb2 Nb6 11. Be2 Ba6 12. Bxa6 Rxa6 13. Rc1 Nbd7 14. Qe2 Qa8 15.
O-O Be7 16. Rc2 O-O 17. Nc1 Ne4 18. Nd3 c5 19. Rfc1 cxd4 20. Nxd4 Bf6 21. Nb5
Bxb2 22. Nxb2 Nc3 23. Nxc3 bxc3 24. Rxc3 Rb6 25. Nc4 Rb4 26. Qf3 Qa6 27. Na3
Nf6 28. Nb5 Nd5 29. Rd3 h6 30. h3 Rc8 31. Qd1 Rc6 32. f3 Qc8 33. Rxc6 Qxc6 34.
e4 Nf4 35. Rd8+ Kh7 36. Kh2 Qb6 37. Rd4 Qb8 38. Rxb4 Nd3+ 39. Kg1 Nxb4 40. Qd6
Qa7+ 1-0

[Event "Pion Frigant"]
[Site "Contrecoeur CAN"]
[Date "2023.10.08"]
[Round "5.9"]
[White "Duval, Mathieu"]
[Black "Gauthier, Denis"]
[Result "0-1"]
[WhiteElo "1830"]
[BlackElo "1811"]
[PlyCount "92"]
[EventDate "2023.10.06"]
[EventType "swiss"]
[EventRounds "5"]
[EventCountry "CAN"]

1. d4 Nf6 2. c4 e6 3. Nf3 Bb4+ 4. Bd2 a5 5. e3 O-O 6. Bd3 b6 7. O-O Bb7 8. a3
Bxd2 9. Nbxd2 d6 10. Qc2 Nbd7 11. b4 Qe7 12. e4 e5 13. d5 Rfe8 14. Nb3 axb4 15.
axb4 c5 16. b5 Reb8 17. Nh4 g6 18. g3 Ng4 19. Be2 Ngf6 20. Ng2 Nf8 21. Ne3 Bc8
22. Rfe1 h5 23. h4 Kg7 24. Bf1 Ng4 25. Nxg4 Bxg4 26. Bg2 g5 27. hxg5 Qxg5 28.
Qd2 Qg6 29. f4 exf4 30. Qxf4 Nd7 31. Nd2 Ne5 32. Qe3 Qf6 33. Rf1 Nf3+ 34. Nxf3
Rxa1 35. Rxa1 Qxa1+ 36. Kh2 Qf6 37. e5 dxe5 38. Nxe5 Re8 39. Nxg4 Rxe3 40. Nxe3
Qe5 41. Nf1 Qd4 42. g4 hxg4 43. Ng3 Qxc4 44. d6 Qd3 45. Bc6 Qd2+ 46. Bg2 c4 0-1

[Event "Pion Frigant U1700"]
[Site "Contrecoeur CAN"]
[Date "2023.10.06"]
[Round "1.25"]
[White "Bergeron, Jean-Guy"]
[Black "Remy-Chynchuck, Lindel"]
[Result "0-1"]
[WhiteElo "1430"]
[BlackElo "1679"]
[PlyCount "64"]
[EventDate "2023.10.06"]
[EventType "swiss"]
[EventRounds "5"]
[EventCountry "CAN"]

1. c4 c6 2. d4 d5 3. Nc3 Nf6 4. Bg5 e6 5. e3 Be7 6. Bd3 Nbd7 7. cxd5 exd5 8.
Nf3 O-O 9. Qc2 h6 10. Bxf6 Nxf6 11. O-O-O b5 12. Ne5 Qb6 13. h4 a5 14. Rdg1 Bd6
15. g4 Bxe5 16. dxe5 Nxg4 17. Rxg4 Bxg4 18. Rg1 Be6 19. Qe2 f5 20. Qh5 Qc7 21.
f4 Kh8 22. Qf3 b4 23. Na4 c5 24. Rg6 Bf7 25. Rb6 Be8 26. Bb5 Bxb5 27. Rxb5 Qc6
28. Rb6 Qxa4 29. Qh5 Qd7 30. e6 Qe7 31. Rc6 Qe8 32. Qf3 Qxc6 0-1

[Event "Pion Frigant U1700"]
[Site "Contrecoeur CAN"]
[Date "2023.10.06"]
[Round "1.26"]
[White "Mai, Tue-Chan"]
[Black "Bouchard, Alexandre"]
[Result "1-0"]
[WhiteElo "1616"]
[BlackElo "1420"]
[PlyCount "73"]
[EventDate "2023.10.06"]
[EventType "swiss"]
[EventRounds "5"]
[EventCountry "CAN"]

1. d4 Nf6 2. Nc3 d5 3. Bf4 a6 4. e3 g6 5. h4 Nbd7 6. Nf3 Bg7 7. Qd2 Ne4 8. Nxe4
dxe4 9. Ng5 Nf6 10. Be2 h6 11. Nh3 O-O 12. O-O-O Bg4 13. f3 exf3 14. gxf3 Bh5
15. e4 Kh7 16. Be3 c5 17. dxc5 Qc7 18. Nf4 Rad8 19. Qb4 e5 20. Nd5 Nxd5 21.
exd5 Rfe8 22. Rd2 e4 23. fxe4 Bxe2 24. Rxe2 Qe5 25. Rd1 Qxe4 26. Qxe4 Rxe4 27.
Ree1 Rxh4 28. Bf2 Rf4 29. Bg3 Rf3 30. Bc7 Rd7 31. d6 Bf6 32. Rf1 Rxf1 33. Rxf1
Kg7 34. b4 h5 35. c4 g5 36. b5 Bd4 37. c6 1-0